| 000 | 00863nam a2200217 a 4500 | ||
|---|---|---|---|
| 005 | 20140412111244.0 | ||
| 008 | 001110s19uu xx 00 eng d | ||
| 020 | _a0-916392-41-4 | ||
| 050 |
_aREF 303.3 _bJ63 1979 |
||
| 100 | _aJohnson, Ann Donegan | ||
| 245 |
_aThe Value of helping : _cAnn Donegan Johnson. _bthe story of Harriet Tubman / |
||
| 260 |
_aLa Jolla, CA : _bValue Comm, _c1979. |
||
| 300 | _a63 p. ; col. ; ill. | ||
| 440 | _aA Value Tale Series | ||
| 520 | _aDescribes the helpful work of Harriet Tubman in aiding slaves to flee the South, in assisting the Union army during the Civil War, and in establishing homes for the old and needy after war. | ||
| 650 | _aTubman, Harriet, 1815?-1913 | ||
| 650 | _aAfro-Americans -- Biography | ||
| 650 |
_aSlavery in the United States _xFugitive slaves |
||
| 650 | _aHelpfulness | ||
| 999 |
_c102854 _d102854 |
||